LEADER 01355nam a2200301 u 4500 001 000000044628 003 CaOOAMICUS 005 20070226114554.0 008 990430s1999 enk u000 u eng u 020 $a0198263686 035 $a10821946 040 $aIPA$bita 100 1 $aHollerich, Michael J.$0(OLS)http://pul/name/32559 245 10$aEusebius of Caesarea's Commentary on Isaiah :$bChristian exegesis in the age of Constantine /$cMichael J. Hollerich. 260 $aOxford :$bClarendon Press,$c1999. 300 $aix, 230 p. ;$c23 cm 490 1 $aOxford early Christian studies 500 $aComprende indice. 504 $aBibliografia: p. 205-222. 600 04$aEusebius Caesariensis,$cvesc.,$d260/265-339/340.$0(OLS)http://pul/subject/7900 630 04$aBiblia.$pV.T.$pIsaias.$0(OLS)http://pul/subject/17254 830 0$aOxford early Christian studies.$0(OLS)http://pul/title/20687 850 $aPUL 852 $aPUL$W1$xSL Religione 1$y3$m22 C 27.6$j60028$nBK-PRI$b $qStampati$B60028$CPULBib$Z2$F60028 $HPUL93627 $81 941 1 $a8 996 $6020$a0198263686$9(OLS)http://pul/number/55635 996 $6245$aEusebius of Caesarea's Commentary on Isaiah :$bChristian exegesis in the age of Constantine$9(OLS)http://pul/title/60154 996 $6260$aOxford :$bClarendon Press$9(OLS)http://pul/publisher/48412 LEADER 01321nam a2200301 u 4500 001 000000108895 003 CaOOAMICUS 005 20080108165222.0 008 080108s2007 it u000 u ita r 020 $z978-88-452-9254-5* 040 $aPUL$bita$dLDB 041 1 $aita$adan$hdan 100 1 $aKierkegaard, Søren,$d1813-1855.$0(OLS)http://pul/name/5753 240 10$aKjerlighedens Gjerninger.$lItaliano.$0(OLS)http://pul/title/137009 245 10$aAtti d'amore /$cSoren Kierkegaard ; testo danese a fronte ; saggio introduttivo, traduzione, note e apparati di Cornelio Fabro ; aggiornamento editoriale di Giuseppe Girgenti. 250 $a2. ed. 260 $aMilano :$bBompiani,$c2007. 300 $a1104 p. ;$c23 cm. 504 $aInclude indici e bibliografia. 546 $aTesto danese a fronte. 650 4$aEsistenzialismo.$0(OLS)http://pul/subject/1923 700 1 $aFabro, Cornelio,$cc.p.s.,$d1911-1995.$0(OLS)http://pul/name/634 850 $aPUL 852 $aPUL$W1$xSL Filosofia 3$y81$m190 COLL 2.44$j124498$qDDC 21$B123102$CPULBib$Z2$F123102 $H106053 $82 941 1 $a9 996 $6020$z978-88-452-9254-5*$9(OLS)http://pul/number/136607 996 $6245$aAtti d'amore$9(OLS)http://pul/title/137010 996 $6260$aMilano :$bBompiani$9(OLS)http://pul/publisher/48240